000 00334 a2200157 4500
001 180842
020 _a
040 _cMagnum
100 _aBorges, Irma Maria Anselma
240 1 0 _aOracao do seculo xx
_lpor
245 1 0 _aOracao do seculo xx
362 0 _a1899
440 1 _aLoyola
697 _aMAGNITO: RELIGIAO
942 _cBK
999 _c180842
_d180842